| 000 | 00597nam a2200145Ia 4500 | ||
|---|---|---|---|
| 008 | 170221s9999 xx 000 0 und d | ||
| 100 | _aArtur Kurbanov | ||
| 245 | _aFeatures Sub-Regional Localities in the Structural-Level Organization of the Economic System | ||
| 245 | _cArtur Kurbanov, Lira K. Gurieva, Sergey N. Novoselov, Oksana A. Gorkusha, Natalia N. Novoselova, Alla A. Kovalenko | ||
| 260 | _bInternational Review of Management and Marketing | ||
| 260 | _cNovember 2014 | ||
| 300 | _a3:4 | ||
| 650 | _xMarketing. | ||
| 856 | _uhttp://www.econjournals.com/index.php/irmm/issue/view/70 | ||
| 999 |
_c310158 _d310158 |
||